000 00285nam a2200121Ia 4500
008 191201s2011 xx 000 0 und d
100 _aCHHABRA, T N
245 0 _aEntrepreneurship Development
260 _aN. Delhi
_bSun India
_c2011
300 _amisc
650 _aMBA
942 _2ddc
_cBK
999 _c153
_d153